TH-SOF-2185-A Framework to Extract Summarized Text and its Brail Conversion (Record no. 603327)
[ view plain ]
| 000 -LEADER | |
|---|---|
| fixed length control field | 00435nam a22001337a 4500 |
| 040 ## - CATALOGING SOURCE | |
| Transcribing agency | NUST |
| 082 ## - DEWEY DECIMAL CLASSIFICATION NUMBER | |
| Classification number | 200 THE |
| 100 ## - MAIN ENTRY--PERSONAL NAME | |
| Personal name | Farasat ullah Khan |
| 9 (RLIN) | 118366 |
| 110 ## - MAIN ENTRY--CORPORATE NAME | |
| Corporate name or jurisdiction name as entry element | Supervisor: Dr. Sajid Gul Khawaja Dr. Muhammad Usman Akram |
| 9 (RLIN) | 118380 |
| 245 ## - TITLE STATEMENT | |
| Title | TH-SOF-2185-A Framework to Extract Summarized Text and its Brail Conversion |
| 260 ## - PUBLICATION, DISTRIBUTION, ETC. | |
| Place of publication, distribution, etc. | ISLAMABAD: |
| Name of publisher, distributor, etc. | NUST College of EME, |
| Date of publication, distribution, etc. | 2023. |
| 650 ## - SUBJECT ADDED ENTRY--TOPICAL TERM | |
| Topical term or geographic name entry element | MS-CSE-19 |
| 9 (RLIN) | 118362 |
| 942 ## - ADDED ENTRY ELEMENTS (KOHA) | |
| Source of classification or shelving scheme | |
| Koha item type | Thesis |
| Withdrawn status | Lost status | Source of classification or shelving scheme | Damaged status | Not for loan | Permanent Location | Current Location | Shelving location | Date acquired | Total Checkouts | Full call number | Barcode | Date last seen | Price effective from | Koha item type |
|---|---|---|---|---|---|---|---|---|---|---|---|---|---|---|
| College of Electrical & Mechanical Engineering (CEME) | College of Electrical & Mechanical Engineering (CEME) | Thesis | 10/04/2023 | 200THE | Th-Sof-2185 | 10/04/2023 | 10/04/2023 | Thesis |
